Music Quiz

Random Music or Clip Quiz

[Clips] Top 50 Songs of the Decade Quiz Stats

 Plays Quiz not verified by Sporcle

Challenge
Share
Tweet
Score 0/50 Timer 20:00
0 Plays Today
Time Song % Correct
0:17Dani California
85.9%
1:07American Idiot
84.1%
1:27Take Me Out
81.9%
3:37Mr. Brightside
81%
0:57Yellow
78.2%
3:17Viva La Vida
78.2%
1:47Beverly Hills
78%
0:07Somebody Told Me
76.7%
0:37Seven Nation Army
75.6%
6:17Boulevard Of Broken Dreams
74.9%
3:27Holiday
73.6%
0:27In The End
72.9%
6:07Clocks
71.4%
5:47Beautiful Day
71.1%
2:07When You Were Young
68%
3:57The Middle
64.3%
6:27How You Remind Me
64.3%
7:47Are You Gonna Be My Girl
63.1%
8:07Best Of You
62.1%
2:37Float On
61.1%
7:07American Woman
60.6%
0:00The Pretender
59.5%
6:47By The Way
55.6%
4:57Kids
54.4%
7:17Last Resort
52.9%
Time Song % Correct
0:47Drive
49.2%
2:17Can't Stop
46.2%
4:07Crawling
39.3%
2:27No One Knows
38.8%
6:37Pork And Beans
38.4%
7:27Last Nite
35.6%
4:27Tell Me Baby
31.3%
7:37All These Things That I've Done
31.2%
4:47Blurry
28.4%
5:37All My Life
28.1%
4:17Starlight
27.9%
1:37The Hand That Feeds
27.4%
5:07Like A Stone
27.3%
6:57Renegades Of Funk
24%
5:17Somewhere Out There
18.6%
4:37Rebellion ( Lies )
18.4%
5:27Lazy Eye
17.9%
1:57Testify
14.8%
2:57Let It Die
13.4%
5:57Try Honesty
10.9%
3:07When The Night Feels My Song
8.1%
7:57Save Your Scissors
6.8%
1:17Crabbuckit
6.2%
3:47Man I Used To Be
5%
2:47Brother Down
4.8%

You're not logged in!

Compare scores with friends on all Sporcle quizzes.
Join for Free
OR
Log In

You Might Also Like...

Show Comments

Extras

Top Quizzes Today


Score Distribution

Your Account Isn't Verified!

In order to create a playlist on Sporcle, you need to verify the email address you used during registration. Go to your Sporcle Settings to finish the process.

Report this User

Report this user for behavior that violates our Community Guidelines.

Details: